000 00840 a2200205 4500
999 _c6129
_d6129
020 _a013267758X
050 0 0 _aTA 405 SHA 2000
100 1 _aShames, Irving Herman,
_eAuthor
245 1 0 _aIntroduction to solid mechanics /
_cIrving H. Shames, James M. Pitarresi.
250 _a3rd ed.
264 _aNew Jersey:
_bPrentice Hall,
_c2000
300 _axvi, 769 p. :
_bill. ;
500 _aIncludes bibliographical references and index.
504 _aIncludes bibliographical references and index.
650 0 _aStrength of materials.
650 0 _aSolids.
700 1 _aPitarresi, James M.
_eAuthor
942 _2lcc
_cBK
_e3rd ed.
_h405
_iSHA
_kTA